000 00675nam a2200193 a 4500
005 20240706063640.0
008 991125s1969 bar 000 0 spa u
035 _aUPN01000030298
049 _aCG
050 4 _aLB1105
_bP3.2a no.37
100 1 _aOléron, Pierre
_929772
245 1 3 _aLa inferioridad física en el niño /
_cPierre Olerón ; tr. M. Villamuera de Castro.
260 _aBarcelona, Esp. :
_bL. Miracle,
_c1969.
300 _a164 p.
440 0 _aPaideia.
_pBiblioteca práctica de pedagogía, psicología y psicopatología de la infancia ;
_v37
650 4 _aNiños con discapacidad
_xEducación
_91549
650 4 _aSordos
_xEducación
_914832
905 _aLibro
999 _c30298
_d30298